Statistics for Partial Images of Flags #1

Click here to take the quiz!

General Stats

  • This quiz has been taken 74 times
  • The average score is 12 of 14

Answer Stats

Answer% Correct
Angola
92%
Iraq
92%
Liechtenstein
89%
Turkmenistan
89%
Zambia
89%
Afghanistan
88%
Kosovo
86%
D.R. Congo
84%
Eswatini
83%
Lesotho
81%
Eritrea
80%
Guyana
78%
Switzerland
73%
Nauru
72%

Score Distribution

Percentile by Number Answered

Percent of People with Each Score

Your Score History

You have not taken this quiz